000 00586nam a22002057a 4500
003 OSt
005 20260321073644.0
008 201009b ||||| |||| 00| 0 eng d
020 _a9993476684
040 _aDO-SdBNP
_bspa
_cBNPHU
082 _bB742c
100 1 _a Bosch, Juan,
_d1909-2001
_976555
245 _aCuentos escritos en exilio /
_cJuan Bosch ; cubierta Samuel CaamaƱo
250 _a29 a. ed.
260 _aSanto Domingo :
_bAlfa & Omega,
_c2003
300 _a279 p.
_c22 cm
590 _aInventariado, 2020 / DG
910 _aInventariado, 2020 / DG
942 _2ddc
_cLF1
999 _c48854
_d48854